01017cam a22002411 4500001001300000003000400013005001700017008004100034010001700075035002000092040004100112042001200153050002200165051001700187100003600204245009400240260004400334300005800378490007000436501016800506650004800674650005300722gs 05000008 DLC20260227111259.0840917s1901 dcuabf f000 0 eng c ags 05000008  a(OCoLC)11164202 aU.S. Geol. survey. LibrarycCLSdDLC apremarc00aTC801b.U2 no. 55 aTC824.W2bS61 aSmith, George Otis,d1871-1944.10aGeology and water resources of a portion of Yakima county, Wash. /cby George Otis Smith. aWashington :bGovt. Print. Off.,c1901. a68 p. :billus., VII pl. (incl. double map) ;c23 cm.0 aU.S. Geological survey. Water-supply and irrigation papervno. 55 aTC801.U2 no. 55 with : Geology and water resources of Nez Perce County, Idaho. Washington : Govt. Print. Off., 1901. Bound together subsequent to publication.5DLC 0aGeologyzWashington (State)zYakima County. 0aWater-supplyzWashington (State)zYakima County.